00373 a2200109 4500001001000000005001700010008004100027245011200068100001900180773004700199999001700246ART_5939320260410162051.0260409a 10aDerecho administrativo sancionador. Visión articulada con el derecho tributario y aduanero. Segunda parte1 aSchurig, Harry0 tImpuestosg- N° 155 (sep. 2023)wREV45175 c35839d35839